| 000 | 00696nam a2200241Ia 4500 | ||
|---|---|---|---|
| 001 | 8550 | ||
| 003 | GE_BSU | ||
| 008 | 181216s||||||||xx |||||||||||||| ||und|| | ||
| 020 | _a978994021659 | ||
| 040 | _cGE_BSU | ||
| 080 | _a821.353.1-31 | ||
| 100 | _aკუდბა,ანზორ | ||
| 245 | _aფიქრის სავარძელი | ||
| 245 | _bრომანი | ||
| 245 | _cრედ. სანდრო ბერიძე | ||
| 260 | _aბათუმი | ||
| 260 | _bგამ–ბა აჭარა | ||
| 260 | _c2013 | ||
| 300 | _a320გვ.19სმ. | ||
| 653 | _aრომანი | ||
| 653 | _aფიქრის სავარძელი | ||
| 942 | _cBK | ||
| 999 |
_c41867 _d41867 |
||